Cities and the cultural economy (Record no. 129701)

MARC details
000 -LEADER
fixed length control field 00477nam a2200181Ia 4500
008 - FIXED-LENGTH DATA ELEMENTS--GENERAL INFORMATION
fixed length control field 191130s2016##################000#0#eng##
020 ## - INTERNATIONAL STANDARD BOOK NUMBER
ISBN 9780415624091
082 ## - DEWEY DECIMAL CLASSIFICATION NUMBER
Classification number 307.76 HUT
100 ## - MAIN ENTRY--AUTHOR NAME
Personal name Hutton, Thomas A
245 ## - TITLE STATEMENT
Title Cities and the cultural economy
Statement of responsibility, etc Thomas A Hutton
260 ## - PUBLICATION, DISTRIBUTION, ETC. (IMPRINT)
Place of publication London
Year of publication 2016
300 ## - PHYSICAL DESCRIPTION
Number of Pages 380p
650 ## - SUBJECT ADDED ENTRY--TOPICAL TERM
Topical Term Cities and towns - Growth
991 ## -
-- 448553
Holdings
Withdrawn status Lost status Damaged status Not for loan Home library Current library Shelving location Date acquired Full call number Accession Number Price effective from Koha item type
        Anna Centenary Library Anna Centenary Library 3RD FLOOR, B WING 12.10.2020 307.76 HUT 584039 12.10.2020 English Books

Find us on the map